000 00544nam a2200193Ia 4500
005 20250508152109.0
008 008 250505s9999 xx 000 0 eng d
037 _aBooks to be hide in OPAC
040 _aFEDL
_beng
_cFEDL
041 _aeng
_2eng
084 _qFEDL
100 _aMoraes Frank Ed.
_947887
245 0 _aDirectory and year book including who's who 1957-58
245 4 _cThe Times of India
260 _aBombay, India
_bBennett Coleman & Co. Ltd.
300 _axxvi,1172p.
942 _cHB
999 _c1334229
_d1334229